Deportivo La Coruna Biggest Transfers - Statistics

General Stats
  • This quiz has been taken 22 times
  • The average score is 52 of 121
Answer Stats
% Correct
Incomings Netherlands ST Roy Makaay 99/00 Tenerife
95%
Outgoings Netherlands ST Roy Makaay 03/04 Bayern Munich
95%
Incomings Spain ST Lucas Perez 15/16 PAOK
90%
Incomings Spain ST Lucas Perez 14/15 PAOK
90%
Incomings Spain ST Lucas Perez 22/23 Cadiz
90%
Outgoings Spain ST Lucas Perez 16/17 Arsenal
90%
Incomings Brazil AM Rivaldo 96/97 Palmeiras
80%
Outgoings Brazil AM Rivaldo 97/98 Barcelona
80%
Incomings Brazil ST Bebeto 92/93 Vasco da Gama
75%
Outgoings Brazil ST Bebeto 96/97 Flamengo
75%
Incomings Spain LW Albert Luque 02/03 Mallorca
70%
Outgoings Spain LW Albert Luque 05/06 Newcastle United
70%
Incomings Mexico CM Andres Guardado 07/08 Atlas
70%
Incomings Switzerland CB Fabian Schar 17/18 Hoffenheim
70%
Outgoings Switzerland CB Fabian Schar 18/19 Newcastle United
70%
Incomings Brazil LB Filipe Luis 08/09 Rentistas
70%
Outgoings Brazil LB Filipe Luis 10/11 Atletico Madrid
70%
Incomings Portugal CB Jorge Andrade 02/03 Porto
70%
Outgoings Portugal CB Jorge Andrade 07/08 Juventus
70%
Incomings Spain ST Diego Tristan 00/01 Mallorca
65%
Incomings Brazil AM Djalminha 97/98 Palmeiras
65%
Incomings Argentina CB Fabricio Coloccini 04/05 Milan
65%
Outgoings Argentina CB Fabricio Coloccini 08/09 Newcastle United
65%
Incomings Brazil CM Flavio Conceicao 96/97 Palmeiras
65%
Outgoings Brazil CM Flavio Conceicao 00/01 Real Madrid
65%
Incomings Brazil DM Mauro Silva 92/93 Bragantino
65%
Incomings Morocco CB Noureddine Naybet 96/97 Sporting CP
65%
Outgoings Morocco CB Noureddine Naybet 04/05 Tottenham Hotspur
65%
Incomings Portugal ST Pauleta 98/99 Salamanca
65%
Outgoings Portugal ST Pauleta 00/01 Bordeaux
65%
Incomings Spain CM Sergio Gonzalez 01/02 Espanyol
65%
Incomings Spain RW Victor Sanchez 99/00 Racing Santander
65%
Incomings Spain RB Alvaro Arbeloa 06/07 Real Madrid
60%
Outgoings Spain RB Alvaro Arbeloa 06/07 Liverpool
60%
Incomings Spain LB Joan Capdevila 00/01 Atletico Madrid
60%
Incomings Spain AM Juan Carlos Valeron 00/01 Atletico Madrid
60%
Outgoings Uruguay ST Walter Pandiani 05/06 Birmingham City
60%
Outgoings Cameroon GK Jacques Songo'o 01/02 Metz
55%
Incomings Spain GK Jose Francisco Molina 00/01 Atletico Madrid
55%
Incomings Spain AM Carles Gil 18/19 Aston Villa
50%
Outgoings Spain AM Carles Gil 18/19 New England Revolution
50%
Incomings Brazil DM Emerson 00/01 Tenerife
50%
Outgoings Brazil DM Emerson 02/03 Atletico Madrid
50%
Incomings Romania ST Florin Andone 16/17 Cordoba
50%
Outgoings Romania ST Florin Andone 18/19 Brighton & Hove Albion
50%
Incomings Portugal GK Nuno Espirito Santo 96/97 Vitoria Guimaraes
50%
Outgoings Portugal GK Nuno Espirito Santo 02/03 Porto
50%
Incomings Argentina ST Turu Flores 98/99 Las Palmas
50%
Incomings Spain CB Cesar Martin 99/00 Real Oviedo
45%
Incomings Brazil DM Guilherme Torres 17/18 Udinese
45%
Outgoings Brazil DM Guilherme Torres 18/19 Olympiacos
45%
Incomings Argentina RB Lionel Scaloni 97/98 Estudiantes
45%
Incomings Spain RB Manuel Pablo 98/99 Las Palmas
45%
Outgoings Spain SS Pedro Munitis 06/07 Racing Santander
45%
Incomings Brazil CB Sidnei 15/16 Benfica
45%
Outgoings Brazil CB Sidnei 18/19 Real Betis
45%
Incomings Argentina DM Aldo Duscher 00/01 Sporting CP
40%
Outgoings Costa Rica CM Celso Borges 18/19 Goztepe
40%
Incomings France AM Corentin Martins 96/97 Auxerre
40%
Outgoings France AM Corentin Martins 97/98 Strasbourg
40%
Incomings Uruguay ST Diego Rolan 18/19 Bordeaux
40%
Outgoings Uruguay ST Diego Rolan 18/19 Leganes
40%
Incomings Spain LB Enrique Romero 98/99 Mallorca
40%
Incomings Spain RB Juanfran Moreno 17/18 Watford
40%
Incomings Spain ST Quique Gonzalez 18/19 Osasuna
40%
Outgoings Spain ST Quique Gonzalez 19/20 Eibar
40%
Incomings Spain ST Riki 06/07 Getafe
40%
Incomings Uruguay ST Sebastian Abreu 97/98 San Lorenzo
40%
Incomings Spain DM Jaime Sanchez 99/00 Real Madrid
35%
Incomings Morocco AM Mustapha Hadji 97/98 Sporting CP
35%
Outgoings Morocco AM Mustapha Hadji 99/00 Coventry City
35%
Incomings Serbia DM Slavisa Jokanovic 99/00 Tenerife
35%
Outgoings Serbia DM Slavisa Jokanovic 00/01 Chelsea
35%
Outgoings Spain ST Xisco 08/09 Newcastle United
35%
Incomings Spain RB Antonio Barragan 06/07 Liverpool
30%
Outgoings Israel GK Dudu Aouate 08/09 Mallorca
30%
Outgoings Spain CM Edu Exposito 19/20 Eibar
30%
Outgoings France LB Jerome Bonnissel 99/00 Bordeaux
30%
Incomings Spain LM Jose Amavisca 01/02 Racing Santander
30%
Outgoings Spain LM Jose Amavisca 04/05 Espanyol
30%
Incomings Spain RM Jose Manuel 99/00 Sporting Gijon
30%
Incomings Spain ST Julio Salinas 94/95 Barcelona
30%
Outgoings Spain CB Pablo Insua 17/18 Schalke
30%
Incomings Equatorial Guinea ST Rodolfo Bodipo 06/07 Alaves
30%
Incomings Spain LW Angel Lafita 08/09 Real Zaragoza
25%
Outgoings Spain LW Angel Lafita 09/10 Real Zaragoza
25%
Outgoings Turkey AM Emre Colak 18/19 Al-Wehda
25%
Incomings Spain LM Fernando 99/00 Real Betis
25%
Incomings Uruguay GK Gustavo Munua 03/04 Nacional
25%
Incomings Spain ST Javier Arizmendi 05/06 Atletico Madrid
25%
Outgoings Spain ST Javier Arizmendi 07/08 Valencia
25%
Incomings Brazil ST Renaldo 96/97 Atletico Mineiro
25%
Outgoings Spain ST Ruben Castro 10/11 Real Betis
25%
Incomings Uruguay ST Sergio Martinez 97/98 Boca Juniors
25%
Incomings France SS Sylvain Wiltord 96/97 Rennes
25%
Outgoings France SS Sylvain Wiltord 97/98 Bordeaux
25%
Outgoings Spain CB Alejandro Arribas 17/18 UNAM Pumas
20%
Incomings Argentina CB Diego Colotto 08/09 Atlas
20%
Incomings Argentina CB Gabriel Schurrer 98/99 Racing Santander
20%
Outgoings Argentina CB Gabriel Schurrer 00/01 Las Palmas
20%
Incomings Brazil ST Luizao 97/98 Palmeiras
20%
Outgoings Spain CB Mujaid Sadick 21/22 Genk
20%
Incomings Mexico ST Omar Bravo 08/09 Guadalajara
20%
Outgoings Mexico ST Omar Bravo 10/11 Sporting Kansas City
20%
Incomings Spain CB Pablo Amo 02/03 Sporting Gijon
20%
Incomings Spain CB Paco Jemez 93/94 Rayo Vallecano
20%
Incomings Czech Republic GK Petr Kouba 96/97 Sparta Prague
20%
Incomings Paraguay CM Roberto Acuna 02/03 Real Zaragoza
20%
Incomings Morocco ST Salaheddine Bassir 97/98 Al-Hilal
20%
Incomings Spain RW Gerard Valentin 17/18 Gimnastic
15%
Incomings Spain AM Javier Manjarin 93/94 Sporting Gijon
15%
Incomings Spain CB Luis Miguel Ramis 97/98 Sevilla
15%
Incomings Portugal CB Ze Castro 09/10 Atletico Madrid
15%
Incomings Portugal CB Helder Cristovao 96/97 Benfica
10%
Incomings Uruguay ST Sebastian Taborda 05/06 Defensor
10%
Incomings France AM Stephane Ziani 98/99 Lens
10%
Outgoings France AM Stephane Ziani 99/00 Bordeaux
10%
Incomings Spain LW Txiki Begiristain 95/96 Barcelona
10%
Incomings Spain ST Changui 00/01 Compostela
5%
Incomings Spain LM David Pirri 99/00 Merida
5%
Incomings Russia ST Dmitriy Radchenko 95/96 Racing Santander
5%
No matching quizzes found
Score Distribution
Percent of People with Each Score
Percentile by Number Answered
Your Score History
You have not taken this quiz